| 000 | 01019nam a2200229Ia 4500 | ||
|---|---|---|---|
| 001 | L248-15197 | ||
| 003 | IT-CnALBA | ||
| 008 | 170116s9999||||xx |||||||||||||| ||und|| | ||
| 040 |
_aIT-CnALBA _cIT-CnALBA |
||
| 041 | _aITALIANO | ||
| 100 | _aD'ARCY M. C., SJ. | ||
| 245 | 0 | _aLA MORTE E LA VITA. | |
| 250 | _a1a ed. | ||
| 260 |
_aCINISELLO BALSAMO (MI) _bEDIZIONI PAOLINE _c1959 [1° Ed.:1959] |
||
| 300 | _a319 p. (prefazione: 7) | ||
| 500 | _aTRADUZIONE DALL'INGLESE DI F. BALLINI E G. BARRA. IMMORTALITÀ. NATURA. ANIMA E CORPO. DOTTRINA SULL'ALDILA'. SANTITÀ E IMMORTALITÀ. SOPRANNATURALITA'. PARADISO. PURGATORIO. | ||
| 501 | _aSocietà San Paolo EM - Piazza San Paolo, 14 - 12051 ALBA (CN) (non commercial uses only) ® Copyright 2017 | ||
| 520 | _aTRADUZIONE DALL'INGLESE DI F. BALLINI E G. BARRA. IMMORTALITÀ. NATURA. ANIMA E CORPO. DOTTRINA SULL'ALDILA'. SANTITÀ E IMMORTALITÀ. SOPRANNATURALITA'. PARADISO. PURGATORIO. | ||
| 650 | _aASCETICA E MISTICA | ||
| 942 | _cBK | ||
| 957 | _71 | ||
| 999 |
_a19947 _bNO _g Copie: 1 _c274366 _d274366 |
||